000 00578nam a2200241Ia 4500
003 OSt
005 20221005131542.0
006 a|||||r|||| 00| 0
007 ta
008 221004b |||||||| |||| 00| 0 mar d
024 _a40478
037 _cTextual
040 _aCRL
_cCRL
_bmar
041 _2mar
_amar
082 _aQ8441:21, 155J9
100 _aGadgil N.V.
245 0 _aSreejapji sahab
260 _c1959
300 _a111p.
_ccm.
650 _aRELIGION
942 _hQ8441:21, 155J9
_cTEXL
_2cc
999 _c1060693
_d1060693